[Event "Warsaw YMCA Winter-C 165th"]
[Site "Warsaw"]
[Date "2016.02.05"]
[Round "5"]
[White "Kwiek, Janusz"]
[Black "Markiewicz, Michal"]
[Result "1/2-1/2"]
[WhiteElo "1636"]
[BlackElo "1713"]
[PlyCount "127"]
[EventDate "2016.01.06"]
[EventType "tourn"]
[EventRounds "13"]
[EventCountry "POL"]
[SourceTitle "EXT 2019"]
[Source "ChessBase"]
[SourceDate "2018.10.10"]
[SourceVersion "1"]
[SourceVersionDate "2018.10.10"]
[SourceQuality "1"]

1. Nf3 d5 2. g3 Nf6 3. Bg2 c5 4. 0-0 e6 5. d4 Nc6 6. e3 Be7 7. dxc5 0-0 8. b3 Ne4 9. Bb2 Bf6 10. Nd4 Nxc5 11. Nxc6 bxc6 12. Bxf6 Qxf6 13. Qd4 Nd7 14. Qxf6 Nxf6 15. Rd1 Ba6 16. Bf1 Bxf1 17. Kxf1 Rac8 18. Nd2 Nd7 19. c4 Ne5 20. Ke2 Rfd8 21. f4 Nd7 22. Rac1 Kf8 23. cxd5 cxd5 24. e4 Nb6 25. exd5 Nxd5 26. Rxc8 Rxc8 27. Nb1 Rc6 28. Kd2 Ra6 29. a3 Ke7 30. Rc1 Kd7 31. Kd3 Rd6 32. Ke2 f6 33. Nd2 Rb6 34. b4 Rc6 35. Ra1 Kc7 36. Kd3 Rc3+ 37. Kd4 Rc2 38. Kd3 Rc3+ 39. Kd4 Re3 40. Nf1 Re2 41. h4 Ne7 42. Rc1+ Kd7 43. Ne3 Ra2 44. Rc3 Rd2+ 45. Kc5 Rd6 46. b5 a6 47. a4 axb5 48. axb5 Kc7 49. Ra3 Nc8 50. Ra8 Rd3 51. Nc4 Rxg3 52. Ra6 Rf3 53. Rc6+ Kd7 54. b6 Nxb6 55. Nxb6+ Ke7 56. Rc7+ Kf8 57. Kd6 Rxf4 58. Kxe6 Re4+ 59. Kf5 Rxh4 60. Rc8+ Ke7 61. Rc7+ Kf8 62. Rc8+ Ke7 63. Rc7+ Kf8 64. Rc8+ 1/2-1/2

[Event "Warsaw YMCA Winter-C 165th"]
[Site "Warsaw"]
[Date "2016.01.14"]
[Round "12"]
[White "Sokalski, Daniel"]
[Black "Markiewicz, Michal"]
[Result "0-1"]
[WhiteElo "1731"]
[BlackElo "1713"]
[PlyCount "90"]
[EventDate "2016.01.06"]
[EventType "tourn"]
[EventRounds "13"]
[EventCountry "POL"]
[SourceTitle "EXT 2019"]
[Source "ChessBase"]
[SourceDate "2018.10.10"]
[SourceVersion "1"]
[SourceVersionDate "2018.10.10"]
[SourceQuality "1"]

1. d4 Nf6 2. Bf4 g6 3. e3 Bg7 4. Nf3 0-0 5. Be2 c5 6. c3 b6 7. Qb3 d6 8. h3 Bb7 9. 0-0 Nbd7 10. Rd1 Qc8 11. a4 a6 12. Nbd2 Qc6 13. Bh2 Rad8 14. Nc4 Ne4 15. Qc2 Nef6 16. Rac1 Rc8 17. Ra1 cxd4 18. exd4 Nd5 19. Ne3 Nxe3 20. fxe3 e5 21. Ne1 Bh6 22. Bf3 Bxe3+ 23. Kh1 e4 24. d5 Qc4 25. Be2 Qc5 26. Qxe4 Rfe8 27. Qh4 Bf2 28. Qg4 Nf6 29. Qf3 Kg7 30. Nd3 Qe3 31. Qxf2 Qxe2 32. Bxd6 Qxf2 33. Nxf2 Nxd5 34. Ng4 Re2 35. Be5+ f6 36. Bd4 h5 37. Nf2 Rce8 38. c4 Nf4 39. Rg1 R8e6 40. c5 Rd2 41. Rad1 Rxd1 42. Nxd1 Ne2 43. cxb6 Nxg1 44. Bxg1 Re2 45. Bf2 Rd2 0-1